Datum a čas kvízu
39
Celkem bodů
Celkový počet nahraných bodů na tomto kvízu bez doplňovacích otázek.
2.
Pořadí na kvízu
Konečné umístění týmu na tomto kvízu.
Zaznamenané odpovědi
| # | Otázka | Odpověď | Body | Výsledky |
|---|---|---|---|---|
| 1. | Jak se nazývá zámek nedaleko P... | Štiřín | 0 | |
| 2. | Buckinghamský palác odhalil v... | D) motýl | 0 | |
| 3. | Jeden z 28 evropských koncertů... | Thirty Seconds to Mars (30 Seconds to Mars) | 1 | |
| 4. | V ženevské pobočce aukční síně... | Michael Schumacher | 1 | |
| 5. | V sobotu se v Rijádu konal dlo... | Tyson Fury, Oleksandr Usyk | 1 | |
| 6. | Jména Mnata, Vojen či Vnislav... | A | 1 | |
| 7. | Podle pověsti prý zvony z kost... | ve čtvrtek (na Zelený čtvrtek) | 1 | |
| 8. | Před kněžnou Libuší stanuli dv... | A | 0 | |
| 9. | Václav Podbrdský byl kameník,... | A | 1 | |
| 10. | Pokud dokážete určit, co tento... | Stadice | 0 |